00969nam a2200265 i 450000500170000000800410001702000180005804000350007604100080011110000450011924501140016425000220027826400330030030000470033333600270038033700330040733800280044065000530046865000530052165000420057470000460061694200150066208400110067799900150068820220317000208.0141031s2007 ck a g 000 j spa  a9789583025099 aCO-BoRNBPbspacCO-BoRNBPerda0 aspa1 aRestrepo Gómez, Alonso,d1946-,eautor14aLos antiguos insectos : los sobrevivientes a los dinosaurioscescrito e ilustrado por Alonso Restrepo Gómez aSegunda edición 1aBogotábPanamericanac2007 a20 páginasbilustraciones a colorc23 cm atextobtxt2rdacontent asin mediaciónbn2rdamedia avolumenbnc2rdacarrier17aCuentos infantiles colombianosySiglo XX2ARMARC17aLiteratura infantil colombianaySiglo XX2ARMARC17aInsectosvCuentos infantiles 2ARMARC1 aRestrepo Gómez, Alonso,eeditor9138173 2loccBKLIT aC RES4 c3362d3362